|
|
|
|
| LEADER |
00000nab a2200000 a 4500 |
| 001 |
vtls000548858 |
| 003 |
SK-MaSNL |
| 005 |
20260304222213.0 |
| 008 |
160202c xo 0 slo |
| 015 |
|
|
|a SNBRB19rr/mm-uuuuu
|
| 035 |
|
|
|a CL0548996
|
| 040 |
|
|
|a SNKBUCL
|b slo
|c SNKBUCL
|e AACR2
|
| 041 |
0 |
|
|a slo
|
| 044 |
|
|
|a xo
|c SK
|
| 080 |
|
|
|a 323.113(439=854)
|2 1981
|
| 100 |
1 |
|
|a Vergesová, Darina
|4 aut
|9 504978
|
| 245 |
1 |
0 |
|a Poznatky z cesty po Dolnej zemi
|b Pokračovanie z minulého čísla
|c Darina Vergesová
|
| 500 |
|
|
|a Pokračovanie
|
| 650 |
0 |
7 |
|a Slováci
|2 snkbucl
|9 22552
|
| 651 |
|
7 |
|a Maďarsko
|2 snkbucl
|9 16754
|
| 655 |
|
7 |
|a články z novín a časopisov
|2 snkbucl
|9 267496
|
| 773 |
0 |
|
|t Slovenské národné noviny
|g Roč. 6 (10), č. 17 (1995), s. 10
|x 0862-8823
|
| 850 |
|
|
|a Slovenská národná knižnica v Martine
|a MTA001
|
| 852 |
|
|
|a SNK
|b KIS3GCP
|
| 958 |
|
|
|a RK
|
| 958 |
|
|
|a HU
|
| 958 |
|
|
|a SK
|
| 992 |
|
|
|a RBX
|
| 999 |
|
|
|c 3161913
|d 3163843
|